Đang tải...

Libraries in schools /

Chi tiết về thư mục
Tác giả chính: Leyland Eric
Ngôn ngữ:Undetermined
Được phát hành: 1962
Những chủ đề:
LEADER 00424nam a2200145Ia 4500
001 10238
008 170722s9999 xx 000 0 und d
100 |a Leyland Eric 
245 |a Libraries in schools / 
260 |c 1962 
653 |a Library Science 
653 |a School Library 
942 |c GEN 
999 |c 25428  |d 25428 
952 |0 0  |1 0  |4 0  |6 232_000000000000000_K11  |7 0  |9 29609  |a LIB  |b LIB  |d 2013-03-25  |o 232 K11  |p 96173  |r 2017-08-12  |w 2017-08-12  |y GEN